00553nam a2200193Ia 450000500170000000800410001704000190005804100120007708200160008910000210010524500440012626000310017030000110020165000100021285000100022294200070023299900170023995201030025620240821092413.0131103s9999 xx 000 0 und d aLoreto College aEnglish a891.43bKUM aKumar, Bachandeb aBrihat nibandha vaskarcBachandeb Kumar a[s.l.]bVarati vabanc2004 a220p.  aHindi aLCBED cBK c35389d85868 00102ddc4070aMAINbMAINd2013-11-04l0o891.43 KUM 14072pB38247r2013-11-04w2013-11-04yBKf